000 00344pab a2200145 454500
008 180718b1998 xxu||||| |||| 00| 0 eng d
100 _aSmith, Robert B.
245 _aAnti-semitism and Nazism
260 _c1998
300 _ap.1324-362
362 _aJun-Jul
650 _aNazism
773 _aAmerican Behavioral Scientist
909 _a39934
999 _c39934
_d39934